Finance 3320

This expanded, updated text explains plotting and understanding economic graphs, market equilibrium and the nature of the price system, macroeconomics, microeconomics, and the dynamics of international trade.

Na minha lista:
Detalhes bibliográficos
Formato: Livro
Idioma:Undetermined
Publicado em: Orlando, Florida Harcourt Brace 1996
Assuntos:
Tags: Adicionar Tag
Sem tags, seja o primeiro a adicionar uma tag!
Thư viện lưu trữ: Trung tâm Học liệu Trường Đại học Cần Thơ
LEADER 00643nam a2200169Ia 4500
001 CTU_42944
008 210402s9999 xx 000 0 und d
082 |a 657 
082 |b F491 
245 0 |a Finance 3320 
260 |a Orlando, Florida 
260 |b Harcourt Brace 
260 |c 1996 
520 |a This expanded, updated text explains plotting and understanding economic graphs, market equilibrium and the nature of the price system, macroeconomics, microeconomics, and the dynamics of international trade. 
650 |a Accounting,Economics, mathematical 
904 |i Minh, Hải 
980 |a Trung tâm Học liệu Trường Đại học Cần Thơ